Scottish traveller tales : lives shaped through stories /

Bibliographic Details
Main Author: Braid, Donald
Format: eBook
Language:English
Published: Jackson : University Press of Mississippi, [2002]
Subjects:
Online Access:Connect to the full text of this electronic book

MARC

Tag First Indicator Second Indicator Subfields
LEADER 00000cam a22000004a 4500
001 in00003394521
005 20190405194149.0
006 m d
007 cr |||||||nn|n
008 020528s2002 msu o d eng d
010 |z  2002074255 
020 |a 9781604736625 
020 |a 1604736623 
020 |z 1578064503 (cloth : alk. paper) 
020 |z 9781578064502 
035 |a (MdBmJHUP)muse9781604736625 
040 |a MdBmJHUP  |c MdBmJHUP  |d UtOrBLW 
043 |a e-uk-st 
050 0 0 |a GR144  |b .B73 2002 
082 0 0 |a 398.2/09411/02  |2 21 
100 1 |a Braid, Donald. 
245 1 0 |a Scottish traveller tales :  |b lives shaped through stories /  |c Donald Braid. 
264 1 |a Jackson :  |b University Press of Mississippi,  |c [2002] 
264 4 |c ©2002 
300 |a 1 online resource (xiii, 313 pages :) :  |b illustrations 
336 |a text  |b txt  |2 rdacontent 
337 |a computer  |b c  |2 rdamedia 
338 |a online resource  |b cr  |2 rdacarrier 
504 |a Includes bibliographical references (pages 301-310) and index. 
588 |a Description based on print version record. 
500 |a Electronic resource. 
650 0 |a Scottish Travellers (Nomadic people)  |v Folklore. 
650 0 |a Tales  |z Scotland. 
655 7 |a Electronic books.  |2 local 
856 4 0 |u http://proxy.library.tamu.edu/login?url=http://muse.jhu.edu/books/9781604736625/  |z Connect to the full text of this electronic book  |t 0 
999 |a MARS 
999 f f |s 1b14c289-5eda-32ac-8644-f54b866df6db  |i 5c0b2b28-9bc3-3ec9-886b-0d816c047a64  |t 0 
952 f f |a Texas A&M University  |b College Station  |c Electronic Resources  |d Available Online  |t 0  |e GR144 .B73 2002  |h Library of Congress classification 
998 f f |a GR144 .B73 2002  |t 0  |l Available Online